Loading...
Handbook of applied optimization /
| Other Authors: | , |
|---|---|
| Format: | Printed Book |
| Language: | English |
| Published: |
New York, N.Y. :
Oxford University Press,
2001.
|
| Subjects: | |
| Online Access: | Publisher description Table of contents only |
| LEADER | 01493cam a22003254a 4500 | ||
|---|---|---|---|
| 001 | 12248117 | ||
| 003 | inmpuc | ||
| 005 | 20200924123710.0 | ||
| 008 | 001204s2002 nyua b 001 0 eng | ||
| 010 | |a 00068146 | ||
| 020 | |a 0195125940 (hardcover : alk. paper) | ||
| 040 | |a DLC |c DLC |d DLC | ||
| 042 | |a pcc | ||
| 050 | 0 | 0 | |a QA402.5 |b .H334 2002 |
| 082 | 0 | 0 | |a 519.3 |2 21 |
| 245 | 0 | 0 | |a Handbook of applied optimization / |c edited by Panos M. Pardalos and Mauricio G.C. Resende. |
| 260 | |a New York, N.Y. : |b Oxford University Press, |c 2001. | ||
| 300 | |a xviii, 1095 p. : |b ill. ; |c 26 cm. | ||
| 504 | |a Includes bibliographical references and index. | ||
| 650 | 0 | |a Mathematical optimization. | |
| 650 | 0 | |a Programming (Mathematics) |x Industrial applications. | |
| 700 | 1 | |a Pardalos, P. M. |q (Panos M.), |d 1954- | |
| 700 | 1 | |a Resende, Mauricio G. C., |d 1955- | |
| 856 | 4 | 2 | |3 Publisher description |u http://www.loc.gov/catdir/enhancements/fy0610/00068146-d.html |
| 856 | 4 | 1 | |3 Table of contents only |u http://www.loc.gov/catdir/enhancements/fy0610/00068146-t.html |
| 906 | |a 7 |b cbc |c orignew |d 1 |e ocip |f 20 |g y-gencatlg | ||
| 942 | |2 ddc |c BK | ||
| 955 | |a to ASCD pc05 12-04-00; jp25 12-04-00 to subj.; jp99 to SL 12-04-00;jp85 to Dewey 12-07-00; aa07 12-08-00 |a ps11 2002-03-20 bk rec'd, to CIP ver. |a ja15 2002-11-18 copy 2 to BCCD | ||
| 999 | |c 352977 |d 352977 | ||
| 952 | |0 0 |1 0 |2 ddc |4 0 |6 519_300000000000000_PAR_H |7 0 |9 408017 |a DCS |b DCS |d 2020-09-24 |i 1485 |l 0 |o 519.3 PAR/H |p DCS1485 |r 2020-09-24 |w 2020-09-24 |y REF | ||